| 000 | 00403nam a2200157Ia 4500 | ||
|---|---|---|---|
| 008 | 251222s2023 xx 000 0 und d | ||
| 020 | _a9780323812764 | ||
| 041 | _aeng | ||
| 082 | _a612.76 MUS | ||
| 100 | _aMuscolino, Josephe R | ||
| 245 | _aKinesiology the skeletal system and muscle function | ||
| 250 | _a4th ed | ||
| 260 |
_aMissouri _bElsevier _c2023 |
||
| 300 | _a778p | ||
| 650 | _aKinesiology | ||
| 999 |
_c64919 _d64919 |
||